AH International Schools' Libraries

Incredible inventions / (Record no. 47766)

MARC details
000 -LEADER
fixed length control field 00383nam a2200133 4500
020 ## - INTERNATIONAL STANDARD BOOK NUMBER
International Standard Book Number 9781912108305
100 ## - MAIN ENTRY--PERSONAL NAME
Personal name Turner, Matt.
9 (RLIN) 85599
245 ## - TITLE STATEMENT
Title Incredible inventions /
Statement of responsibility, etc Matt Turner.
260 ## - PUBLICATION, DISTRIBUTION, ETC. (IMPRINT)
Place of publication, distribution, etc Kent, TN:
Name of publisher, distributor, etc Hungry Tomato;
Date of publication, distribution, etc 2019.
300 ## - PHYSICAL DESCRIPTION
Extent 93 p.
Other physical details col. ill.
Dimensions 27 cm.
650 ## - SUBJECT ADDED ENTRY--TOPICAL TERM
Topical term or geographic name as entry element Inventions.
700 ## - ADDED ENTRY--PERSONAL NAME
Relator code Illustrator.
Personal name Sarah Conner.
9 (RLIN) 85600
942 ## - ADDED ENTRY ELEMENTS (KOHA)
Source of classification or shelving scheme
Koha item type NON FIC SECTION
Holdings
Withdrawn status Lost status Source of classification or shelving scheme Damaged status Not for loan Collection code Home library Current library Date acquired Total Checkouts Full call number Barcode Date last seen Date checked out Price effective from Koha item type
          Non-Fiction Asian Hope Secondary Library Asian Hope Secondary Library 11/04/2024 1 608.7 TUR 206215 01/16/2026 05/06/2025 11/04/2024 NON FIC SECTION

For any Logos Library related questions please contact Miss Art at swongnarasuk@asianhope.org.

For any Asian Hope Library related questions please contact Miss Raza at graza@asianhope.org.

Powered by Koha